ARRUPE JESUIT UNIVERSITY

CORONAVIRUS -STOP THE SPREAD - CLEAN,DISINFECT,COVER

Valley of the ironwoods; (Record no. 120558)

MARC details
000 -LEADER
fixed length control field 00952cam a2200277 4500
001 - CONTROL NUMBER
control field 1727061
003 - CONTROL NUMBER IDENTIFIER
control field ARRUPE
005 - DATE AND TIME OF LATEST TRANSACTION
control field 20140520145717.0
008 - FIXED-LENGTH DATA ELEMENTS--GENERAL INFORMATION
fixed length control field 730620s1972 sa a 000 0 eng
010 ## - LIBRARY OF CONGRESS CONTROL NUMBER
LC control number 73155679
015 ## - NATIONAL BIBLIOGRAPHY NUMBER
National bibliography number SANB***
020 ## - INTERNATIONAL STANDARD BOOK NUMBER
International Standard Book Number 094995604X
040 ## - CATALOGING SOURCE
Original cataloging agency DLC
Transcribing agency DLC
Modifying agency DLC
043 ## - GEOGRAPHIC AREA CODE
Geographic area code f-rh---
050 00 - LIBRARY OF CONGRESS CALL NUMBER
Classification number SPC DT962.9.N8
Item number W74
082 00 - DEWEY DECIMAL CLASSIFICATION NUMBER
Classification number 916.89/1
300 ## - PHYSICAL DESCRIPTION
Other physical details illus.
Dimensions 25 cm.
100 1# - MAIN ENTRY--PERSONAL NAME
Personal name Wright, Allan.
9 (RLIN) 10423
245 10 - TITLE STATEMENT
Title Valley of the ironwoods;
Remainder of title a personal record of ten years served as District Commissioner in Rhodesia's largest administrative area, Nuanetsi, in the south-eastern Lowveld.
260 ## - PUBLICATION, DISTRIBUTION, ETC. (IMPRINT)
Place of publication, distribution, etc [Cape Town,
Name of publisher, distributor, etc T. V. Bulpin,
Date of publication, distribution, etc 1972]
300 ## - PHYSICAL DESCRIPTION
Extent 397 p.
600 10 - SUBJECT ADDED ENTRY--PERSONAL NAME
Personal name Wright, Allan.
9 (RLIN) 10424
650 #0 - SUBJECT ADDED ENTRY--TOPICAL TERM
Topical term or geographic name as entry element Indigenous peoples
Geographic subdivision Zimbabwe.
9 (RLIN) 10425
651 #0 - SUBJECT ADDED ENTRY--GEOGRAPHIC NAME
Geographic name Nuanetsi District, Southern Rhodesia
General subdivision Description and travel.
9 (RLIN) 10426
906 ## - LOCAL DATA ELEMENT F, LDF (RLIN)
a 7
b cbc
c orignew
d 4
e ncip
f 19
g y-gencatlg
942 ## - ADDED ENTRY ELEMENTS (KOHA)
Source of classification or shelving scheme Library of Congress Classification
Koha item type Monograph ( Printed materials)
Holdings
Withdrawn status Lost status Source of classification or shelving scheme Damaged status Not for loan Collection code Home library Current library Shelving location Date acquired Total Checkouts Full call number Barcode Date last seen Price effective from Koha item type
    Library of Congress Classification     Main Collection ARRUPE LIBRARY ARRUPE LIBRARY Main Collection 20/05/2014   SPC DT962.9.N8 W74 46500001503 20/05/2014 20/05/2014 Monograph ( Printed materials)

 

Arrupe Library. PO Box MP320 Mt Pleasant, Harare, Zimbabwe
263 242 745411|librarian@aju.ac.zw